Statistics for Peanuts Franchise

Click here to take the quiz!

General Stats

  • This quiz has been taken 21 times
  • The average score is 46 of 150

Answer Stats

TypeYearNameInfo% Correct
Comic Strip1950-2000PeanutsCharles M. Schultz
100%
TV Show2014-2016PeanutsFrance 3 / Rai Gulp / Cartoon Network / Boomerang
100%
TV Special1965A Charlie Brown ChristmasCBS
73%
Musical2013A Charlie Brown ChristmasEric Schaeffer
73%
Video Game2013A Charlie Brown Christmas!????
73%
Video Game2013It's the Great Pumpkin, Charlie Brown????
67%
TV Special1966It's the Great Pumpkin, Charlie BrownCBS
67%
Video Game1984SnoopyRadarsoft
67%
Video Game1983SnoopyNintendo
67%
Film2015The Peanuts Movie20th Century Fox
67%
TV Special1985You're a Good Man, Charlie BrownCBS
60%
Musical1967You're a Good Man, Charlie BrownClark Gesner
60%
TV Documentary1963A Boy Named Charlie BrownN/A
53%
Film1969A Boy Named Charlie BrownNational General Pictures
53%
TV Special1973A Charlie Brown ThanksgivingCBS
53%
TV Special2002A Charlie Brown ValentineABC
53%
TV Show1983-1985The Charlie Brown and Snoopy ShowCBS
53%
TV Mini-Series1988-1989This Is America, Charlie BrownCBS
53%
TV Special1967You're in Love, Charlie BrownCBS
53%
Cancelled Video Game2007Charlie Brown's All-StarsN/A
47%
TV Special1966Charlie Brown's All Stars!CBS
47%
Video Game2013Charlie Brown's All-Stars????
47%
Commercial1959, 1960sFord Motor Company(Car Company)
47%
TV Special1968He's Your Dog, Charlie BrownCBS
47%
TV Special1974It's the Easter Beagle, Charlie BrownCBS
47%
TV Special1969It Was a Short Summer, Charlie BrownCBS
47%
Commercial1980s-2010sMetLife(Insurance)
47%
Film1977Race for Your Life, Charlie BrownParamount
47%
Film1972Snoopy, Come HomeNational General Pictures
47%
TV Special1972You're Not Elected, Charlie BrownCBS
47%
TV Special1975Be My Valentine, Charlie BrownCBS
40%
Film1980Bon Voyage, Charlie Brown (and Don't Come Back!!)Paramount
40%
TV Special1986Happy New Year, Charlie BrownCBS
40%
TV Special1974It's a Mystery, Charlie BrownCBS
40%
TV Special1976It's Arbor Day, Charlie BrownCBS
40%
TV Special1981It's Magic, Charlie BrownCBS
40%
TV Special2003I Want a Dog for Christmas, Charlie BrownABC
40%
TV Special1971Play It Again, Charlie BrownCBS
40%
TV Special1980She's a Good Skate, Charlie BrownCBS
40%
Web Series2019Snoopy in SpaceApple TV+
40%
TV Special1991Snoopy's ReunionCBS
40%
TV Special1988Snoopy: The MusicalCBS
40%
Musical1975Snoopy! The MusicalLarry Grossman
40%
TV Special1973There's No Time for Love, Charlie BrownCBS
40%
TV Special2002Charlie Brown's Christmas TalesABC
33%
Commercial1970s-1980sDolly Madison(Bakery Brand)
33%
TV Special2006He's a Bully, Charlie BrownABC
33%
TV Special1983Is This Goodbye, Charlie Brown?CBS
33%
TV Special1992It's Christmastime Again, Charlie BrownCBS
33%
TV Special1984It's Flashbeagle, Charlie BrownCBS
33%
Short Film1992It's Spring Training, Charlie BrownParamount
33%
TV Special1988It's the Girl in the Red Truck, Charlie BrownCBS
33%
Short Film2000It's the Pied Piper, Charlie BrownParamount
33%
TV Special1977It's Your First Kiss, Charlie BrownCBS
33%
Short Film1997It Was My Best Birthday Ever, Charlie BrownParamount
33%
TV Special1980Life Is a Circus, Charlie BrownCBS
33%
TV Special2003Lucy Must Be Traded, Charlie BrownABC
33%
Commercial1997Milk-Bone(Dog Biscuit)
33%
Commercial1994Smuckers(Jam)
33%
TV Special1981Someday You'll Find Her, Charlie BrownCBS
33%
TV Special1978What a Nightmare, Charlie BrownCBS
33%
TV Special1983What Have We Learned, Charlie Brown?CBS
33%
TV Special1990Why, Charlie Brown, Why?CBS
33%
Short Documentary2009Woodstock: Creating Snoopy's SidekickWarner Bros.
33%
TV Special1975You're a Good Sport, Charlie BrownCBS
33%
TV Special1993You're in the Super Bowl, Charlie BrownNBC
33%
TV Special1979You're the Greatest, Charlie BrownCBS
33%
Commercial1984, 1985, 1986Cheerios(Cereal)
27%
Commercial1989Chex Mix(Snack Food)
27%
Video Game1995Get Ready for School, Charlie Brown!Virgin Sound & Vision
27%
TV Special2000Good Grief, Charlie BrownCBS
27%
TV Special2011Happiness Is a Warm Blanket, Charlie BrownFOX
27%
TV Documentary1979Happy Birthday, Charlie BrownCBS
27%
TV Special1983It's an Adventure, Charlie BrownCBS
27%
Commercial2000McDonald's(Restaurant)
27%
TV Documentary2019Peanuts in Space: Secrets of Apollo 10Apple TV+
27%
Motion Comic2008Peanuts Motion ComicsiTunes
27%
Video Game2017Snoopy POP! - Match 3 Classic Bubble Shooter!Jam City
27%
TV Special1985Snoopy's Getting Married, Charlie BrownCBS
27%
Video Game2016Snoopy's Town Tale - City Building SimulatorPIXOWL INC.
27%
Video Game2001Snoopy TennisInfogrames
27%
Video Game1982Snoopy TennisNintendo
27%
Video Game2006Snoopy vs. the Red BaronNamco Bandai Games
27%
Book2004-2016The Complete PeanutsCharles M. Schultz
27%
TV Special2001The Making of "A Charlie Brown Christmas"ABC
27%
Short Film1978Tooth BrushingAmerican Dental Association
27%
TV Documentary1990You Don't Look 40, Charlie BrownCBS
27%
Short Documentary201124 Frames a Second: Drawing and Animating a Peanuts MovieWarner Bros.
20%
TV Special1982A Charlie Brown CelebrationCBS
20%
Short Documentary2008A Christmas Miracle: The Making of "A Charlie Brown Christmas"Warner Bros.
20%
Short Documentary2010Animating a Charlie Brown MusicalWarner Bros.
20%
Short Documentary2011Deconstructing Schultz: From Comic to Screen PlayWarner Bros.
20%
Short Documentary2009Dust Yourself Off and Pick Yourself Up, Charlie BrownWarner Bros.
20%
Commercial1995Friendly's(Restaurant)
20%
Short Documentary2011Happiness Is Finding the Right VoiceWarner Bros.
20%
TV Documentary1976Happy Anniversary, Charlie BrownCBS
20%
TV Special2000Here's to You, Charlie BrownCBS
20%
Short Documentary2008In Full Bloom: Peanuts at EasterWarner Bros.
20%
Documentary2019It's Not the Holidays without Charlie Brown, Charlie BrownWarner Bros.
20%
Video Game2007It's the Big Game, Charlie Brown!Viva Media
20%
TV Documentary1985It's Your 20th Television Anniversary, Charlie BrownCBS
20%
TV Documentary2015It's Your 50th Christmas, Charlie BrownABC
20%
Short Documentary2008Popcorn and Jellybeans: Making a Thanksgiving ClassicWarner Bros.
20%
Commercial1994Regina Steamer(Carpet Steamer)
20%
Short Documentary2009Sibling Rivalry: Growing Up Van PeltWarner Bros.
20%
Video Game1983Snoopy and the Red BaronAtari
20%
Video Game2013Snoopy CoasterChillingo
20%
Video Game1995Snoopy ConcertMitsui Fudosan / Dentsu
20%
Video Game2010Snoopy Flying AceMicrosoft Game Studios
20%
Video Game1995Snoopy no GakugeikaiSega
20%
Video Game1992Snoopy's Game ClubAccolade
20%
Short Documentary2010Snoopy's Home Ice: the Story of the Red Wood Empire Ice ArenaWarner Bros.
20%
Video Game1990Snoopy's Magic ShowKemco
20%
Video Game2018Snoopy Spot the DifferenceSUNDAYTOZ, INC
20%
Video Game1990Snoopy's Silly Sports Spectacular!Kemco
20%
Video Game2014Snoopy's Sugar DropBeeline Games
20%
Video Game2015The Peanuts Movie: Snoopy's Grand AdventureActivision
20%
Short Documentary2008The Polls Don't Lie: The Making of "You're Not Elected, Charlie Brown"Warner Bros.
20%
Short Documentary2009Together Again: A Peanuts Voice-Cast ReunionWarner Bros.
20%
Short Documentary2008Unlucky in Love: An Unrequited Love StoryWarner Bros.
20%
Short Documentary2009Vince Guaraldi: The Maestro of Menlo ParkWarner Bros.
20%
Short Documentary2008We Need a Blockbuster, Charlie BrownWarner Bros.
20%
Video Game2002Where's the Blanket, Charlie Brown?Tivola
20%
Short Documentary2010You're Groovy, Charlie Brown: A Look at Peanuts in the 70sWarner Bros.
20%
Documentary2000An Enduring Classic: Peanuts Creator Charles SchultzParamount
13%
Comic Series2007-2012Blockhead's WarDeath Ray Graphics
13%
Video Game1984Charlie Brown ABCsRandom House
13%
TV Documentary1969Charlie Brown and Charles SchultzCBS
13%
Book1976-1981Charlie Brown's Super Book of Questions and AnswersCharles M. Schultz
13%
Play2004Dog Sees God: Confessions of a Teenage BlockheadBert V. Royal
13%
Short Film1980It's Dental Flossophy, Charlie BrownBill Melendez Productions
13%
Video Game2009Snoopy no Aiken DS: Chitte Okitai Inu no Koto - Inu no Nouryoku - Anata no ShitsukeHacikou Shouji
13%
Video Game1996Snoopy no Hajimete no OtsukaiKemco
13%
Video Game2013Snoopy's Candy Town????
13%
Video Game2011Snoopy's Street Fair????
13%
TV Film1981The Big Stuffed DogNBC
13%
Application2016The Peanuts Movie Official AppCrackle Digital
13%
Comic Book2002Weapon BrownDeath Ray Graphics
13%
Video Game2017What's Up, Snoopy?????
13%
Short Film1986Bring Me the Head of Charlie BrownCalifornia Institute of the Arts
7%
Video Game2019Charles M????
7%
Short Film1979Charlie Brown Clears the AirBill Melendez Productions
7%
Video Game2007Charlie Brown Das Grosse FinaleViva Media
7%
Video Game2019Peanuts by Schultz????
7%
Video Game2019Peanuts Gang Memorial Days????
7%
TV Special1971Snoopy at the Ice FolliesNBC
7%
TV Special1973Snoopy Directs the Ice FolliesNBC
7%
TV Special1972Snoopy's International Ice FolliesNBC
7%
TV Special1978Snoopy's Musical on IceCBS
7%
Commercial1960s-1980sWebers Bread(Bread Company)
7%

Score Distribution

Percentile by Number Answered

Percent of People with Each Score

Your Score History

You have not taken this quiz